Najczęściej wybierane sklepy w Polsce (2019r) - Statystyki

Ogólne statystyki
  • Ten quiz został rozwiązany 8 298 razy
  • Średni wynik to 11 z 27
Statystyki odpowiedzi
Lp % Odpowiedź % Poprawnych
2 27,7 Biedronka
99%
1 33,49 Lidl
97%
16 0,73 Żabka
87%
4 5,27 Kaufland
70%
13 1,08 Dino
69%
3 9,71 Auchan
68%
6 2,83 Carrefour
64%
5 5,13 Tesco
62%
10 1,19 Netto
57%
14 0,84 Lewiatan
56%
11 1,23 Aldi
52%
15 0,8 Stokrotka
47%
17 0,68 Piotr i Paweł
43%
22 0,23 ABC
37%
19 0,35 Intermarche
31%
24 0,18 Delikatesy Centrum
30%
8 1,76 Pepco
29%
21 0,31 Groszek
25%
18 0,49 Polomarket
22%
9 1,68 Makro
19%
23 0,21 Społem
16%
7 2,20 Selgros
13%
12 1,08 E'leclerc
12%
25 0,18 Spar
10%
20 0,32 Mila
7%
27 0,13 Topaz
6%
26 0,13 Simply Market
1%
Nie znaleziono quizów pasujących do podanych kryteriów
Rozkład punktacji
Procent ludzi z każdym wynikiem
Percentyl według liczby udzielonych odpowiedzi
Twoja historia wyników
Nie rozwiązałeś tego quizu